000 00609nam a22001817a 4500
999 _c177275
_d177275
005 20210216174232.0
010 _aENG-129001
020 _c599.00
_a978-93-5195-234-3
035 _aEN-112533
037 _bDBAD/PUB
082 _a331.10954
100 _aDas, Gautam
245 _aJobonomics: India's Employment Crisis and What the Future Holds/
_cGautam Das
260 _aGurugram
_bHachette Book Publishing India Pvt. Ltd.
_c2019
270 _bGurugram
_a4th/5th Floors, Corporate Centre, Plot No- 94, Sec- 44
_e122003
300 _a286p.
_c23cm(hbk)
942 _2ddc
_cEN
_h331.10954
_mDAS